Analýza sociálnej situácie obyvateľov Slovenska diplomová práca

Salvato in:
Dettagli Bibliografici
Autore principale: Albert, Jaroslav
Ente Autore: Fakulta hospodárskej informatiky EU. Katedra štatistiky
Altri autori: Labudová, Viera, 1958-
Natura: Libro
Lingua:slovacco
Pubblicazione: Bratislava 2008
Tags: Aggiungi Tag
Nessun Tag, puoi essere il primo ad aggiungerne!!

MARC

LEADER 00000nam$a2200000$$$4500
001 0082312
005 20240201114821.9
041 0 |a slo 
044 |a SK 
245 1 0 |a Analýza sociálnej situácie obyvateľov Slovenska  |b diplomová práca  |c Jaroslav Albert ; škol. Viera Labudová 
264 1 |a Bratislava  |c 2008 
300 |a 64 s. 
100 1 |a Albert, Jaroslav 
700 1 |a Labudová, Viera, 1958- 
710 2 |a Fakulta hospodárskej informatiky EU. Katedra štatistiky